Elementos de derecho privado romano /

Bibliographic Details
Main Author: Ors, Álvaro d', 1915-2004 (Author)
Format: Electronic eBook
Language:Spanish
Published: Pamplona, España : EUNSA, Ediciones Universidad de Navarra, [2016]
Series:Manuales de derecho (Pamplona, Spain)
Subjects:
Online Access:Digitalia Hispánica

MARC

LEADER 00000nam a2200000Ii 4500
001 DIGEDUNAV0027
003 NyNyDIG
006 m o d
007 cr |||||||||||
008 220608s2016 sp o 001 0 spa d
035 |a (OCoLC)1333701792 
040 |a DGITA  |b eng  |e rda  |e pn  |c DGITA 
020 |z 9788431331627 
043 |a e-it--- 
050 1 4 |a KJA2190 ebook 
082 0 4 |a 340.54 
100 1 |a Ors, Álvaro d',  |d 1915-2004,  |e author. 
245 1 0 |a Elementos de derecho privado romano /  |c Álvaro d'Ors. 
264 1 |a Pamplona, España :  |b EUNSA, Ediciones Universidad de Navarra,  |c [2016] 
300 |a 1 online resource. 
336 |a text  |b txt  |2 rdacontent 
337 |a computer  |b c  |2 rdamedia 
338 |a online resource  |b cr  |2 rdacarrier 
347 |a text file  |2 rdaft 
347 |b PDF 
490 1 |a Manuales de derecho 
500 |a Includes index. 
588 0 |a Online resource; title from PDF title page (Digitalia, viewed June 8, 2022) 
650 0 |a Roman law. 
655 0 |a Electronic books. 
791 2 |a Digitalia (Firm),  |e distributor. 
793 0 |g Digitalia eBook Collection:  |a Ediciones Universidad de Navarra 
776 0 8 |i Print version:  |a Ors, Álvaro d', 1915-2004.  |t Elementos de derecho privado romano.  |b Sexta edición revisada.  |d Pamplona, España : EUNSA, Ediciones Universidad de Navarra, [2016]  |z 9788431331627 
830 0 |a Manuales de derecho (Pamplona, Spain) 
856 4 0 |3 Digitalia Hispánica  |u https://www.digitaliapublishing.com/a/51289/ 
910 |a Premium collection: 2022